| 000 | 00514nam a22001577a 4500 | ||
|---|---|---|---|
| 005 | 20250430144953.0 | ||
| 008 | 250430b |||||||| |||| 00| 0 eng d | ||
| 020 | _a9789988600624 | ||
| 050 | _aHF5415.2 APP | ||
| 100 | _aAppiah-Adu Kwaku | ||
| 245 |
_aMarket Orientation and Competitive Performance: _bA Comparison of Firms in Industrialised and Emerging Economies _cKwaku Appiah-Adu |
||
| 260 |
_aAccra _bSmartline Limited _c2009 |
||
| 300 |
_axii. 108p. _bill. _c23 cm |
||
| 650 | _2Marketing | ||
| 942 |
_2lcc _cBK _n0 |
||
| 999 |
_c5619 _d5619 |
||